El mundo de la Biblia : la Siria antigua : Mari, Ugarit, Ebla /

保存先:
書誌詳細
その他の著者: Sánchez Bosch, Jorge (dirección) (dirección)
フォーマット: 図書
言語:スペイン語
出版事項: Valencia, España : Edicep, 1990, c1990
タグ: タグ追加
タグなし, このレコードへの初めてのタグを付けませんか!

MARC

LEADER 00000nam^a2200000^a^4500
001 000579117
005 20250526000000.0
009 20260310132522.299
020 |a 84-7050-216-6 
037 |a Acervo Xavier Clavigero 
041 |a ESP 
091 |a FIP. 01389 
245 0 3 |a El mundo de la Biblia :  |b la Siria antigua : Mari, Ugarit, Ebla / 
264 4 |a Valencia, España :  |b Edicep,  |c 1990, c1990 
300 |a 48 p. ;  |c 28.5 cm. 
336 |a texto  |b txt  |2 rdacontenido 
337 |a sin mediación  |b n  |2 rdamedio 
338 |a volumen  |b nc  |2 rdasoporte 
649 |a XX 
700 |a Sánchez Bosch, Jorge  |e (dirección) 
910 |a Fondo Manuel Ignacio Pérez Alonso S.J. 
920 |a Impresos - Libros 
930 |a Libros Antiguos y Raros 
905 |a 108 
901 |a 0500409030  |b IT2  |c LRA  |i D  |u 20250526 
902 |a https://opac.biblio.iteso.mx/vufind/Record/000579117